00541 2200193 4500001002100000005001500021035002000036245007900056100001900135300003300154260004000187082001200227084001800239020002200257600001700279990001700296990001700313990001700330INLIS00000000000112420250815073949 a0010-08250000351 aIbnu Rusyid Filsuf Muslim yang Cerdas :bSeri Tokoh Dunia /cAndreana Dewi0 aDewi, Andreana a60 hlm :bilus ;c15 X 21 cm aJakarta :bBee Media Pustaka,c2023 a297.092 a297.092 DEW i a978-623-476-066-8 4aTokoh Muslim a3767/PP/2025 a3768/PP/2025 a3769/PP/2025